| 000 | 00869nam a2200229 a 4500 | ||
|---|---|---|---|
| 001 | BRCA_4641 | ||
| 005 | 20190320204739.0 | ||
| 008 | 290910s1954----mx-#######---#000-0#spa-# | ||
| 041 | _aspa | ||
| 044 | _amx | ||
| 050 | 4 |
_aHJ4664 _b.L49 1954 |
|
| 245 | 1 | 0 | _aLey del impuesto sobre la renta. |
| 260 |
_aMéxico _bSecretaría de Hacienda y Crédito Público : Dirección General del Impuesto Sobre la Renta _c1954 |
||
| 300 |
_a190 p. _c21 cm. |
||
| 500 | _aIncluye índice analítico, índice de reformas y adiciones a la ley del impuesto sobre la renta | ||
| 500 | _aCFG13 | ||
| 610 | 2 | 4 |
_aSecretaría de Hacienda y Crédito Público _bDirección General del Impuesto Sobre la Renta _911745 |
| 650 | 1 | 4 |
_aImpuesto sobre la renta _xLeyes y legislación _zMéxico _911746 |
| 650 | 1 | 4 |
_aLey del impuesto sobre la renta _zMéxico _911747 |
| 902 | _aGFM | ||
| 942 |
_2lcc _cB |
||
| 999 |
_c4344 _d4344 |
||